Soils and ground water pollution and remediation : (Record no. 5155)

MARC details
000 -LEADER
fixed length control field 00725nam a2200241 i 4500
001 - CONTROL NUMBER
control field BD-DhSAU 5155
003 - CONTROL NUMBER IDENTIFIER
control field BD-DhSAU
005 - DATE AND TIME OF LATEST TRANSACTION
control field 20150411162139.0
008 - FIXED-LENGTH DATA ELEMENTS--GENERAL INFORMATION
fixed length control field 780207s1999 -usa rb 001 0 eng
020 ## - INTERNATIONAL STANDARD BOOK NUMBER
International Standard Book Number 1566704529
040 ## - CATALOGING SOURCE
Original cataloging agency BD-DhSAU
082 00 - DEWEY DECIMAL CLASSIFICATION NUMBER
Classification number 363.739
Edition number 22
Item number SOI
245 10 - TITLE STATEMENT
Title Soils and ground water pollution and remediation :
Statement of responsibility, etc. P M Huang and I K Iskandar
Remainder of title Asia, Africa and Oceania /
260 ## - PUBLICATION, DISTRIBUTION, ETC. (IMPRINT)
Place of publication, distribution, etc. New York :
Name of publisher, distributor, etc. Lewis Pub. ,
Date of publication, distribution, etc. c1999.
300 ## - PHYSICAL DESCRIPTION
Extent ix, 386 p. :
Other physical details ill. ;
Dimensions 26 cm.
504 ## - BIBLIOGRAPHY, ETC. NOTE
Bibliography, etc Include bibliographical references and index.
590 ## - Name of Cataloguer
Name of Cataloger erfat
650 ## - SUBJECT ADDED ENTRY--TOPICAL TERM
Topical term or geographic name as entry element Soils science.
650 ## - SUBJECT ADDED ENTRY--TOPICAL TERM
Topical term or geographic name as entry element Ground water pollution.
650 ## - SUBJECT ADDED ENTRY--TOPICAL TERM
Topical term or geographic name as entry element Remediation.
700 ## - ADDED ENTRY--PERSONAL NAME
Personal name Huang, P M
700 ## - ADDED ENTRY--PERSONAL NAME
Personal name Iskandar, I K
942 ## - ADDED ENTRY ELEMENTS (KOHA)
Source of classification or shelving scheme Dewey Decimal Classification
Koha item type Book
Holdings
Withdrawn status Lost status Source of classification or shelving scheme Damaged status Not for loan Collection code Home library Branch Name Shelving location Date acquired Total Checkouts Full call number Barcode Date last seen Price effective from Koha item type
    Dewey Decimal Classification   Not For Loan Reference SAU Library SAU Library Reference 30/06/2002   363.739 SOI 30687 11/04/2015 11/04/2015 Book
    Dewey Decimal Classification   Not For Loan Reference SAU Library SAU Library Reference 13/10/2009   363.739 SOI 36431 12/04/2015 12/04/2015 Book